| 000 | 00491nam a2200181Ia 4500 | ||
|---|---|---|---|
| 008 | 240925s9999 xx 000 0 und d | ||
| 020 | _a71155546 | ||
| 082 | _a006.32 SCH | ||
| 100 | _aSchalkoff, Robert J | ||
| 245 | 0 | _aArtificial Neural Networks | |
| 250 | _aNA | ||
| 260 |
_aToronto: _bMc Graw-Hill _c,1997. |
||
| 300 |
_axiv,466p. _bNA _fPhotocopy |
||
| 500 | _aIncludes Index | ||
| 600 | _aComputer Science | ||
| 650 | _aComputer science, information & general works | ||
| 942 | _cBK | ||
| 999 |
_c4132 _d4132 |
||